| 000 | 02295cam a2200397Ia 4500 | ||
|---|---|---|---|
| 001 | 43089 | ||
| 003 | BJBSDDR | ||
| 005 | 20250224154722.0 | ||
| 007 | ta | ||
| 008 | 760827s2012 fr 000 0 fre d | ||
| 020 | _a9782361560874 (t.19) | ||
| 020 | _a2361560879 (t.19) | ||
| 020 | _a9782361560683 (Collection) | ||
| 035 | _a(OCoLC)ocm02400329 | ||
| 035 | _a(OCoLC)2400329 | ||
| 040 |
_aBTS _cBTS _dCOD _dDRFGD _bspa |
||
| 041 | 1 |
_aspa _hfre |
|
| 043 | _ae-sp--- | ||
| 050 | 1 | 4 |
_aJC 261 _bR291m 2012 |
| 130 | 1 |
_aLes Rebelles (Paris) _940778 |
|
| 245 | 1 | 3 |
_aLe Monde : _bcontre la torture / _cune anthologie présentée par Emmanuel Blanchard ; Responsable éditorial Grégoire Kauffmann. |
| 246 | 3 | 0 | _aContre la torture |
| 260 |
_aParis : _bLe Monde, _c2012. |
||
| 300 |
_a191 pages ; _c20 cm. |
||
| 490 | 0 |
_aLes rebelles ; _v19 |
|
| 500 | _aLes Rebelles, une collection dirigée par Jean-Noel Jeanneney. | ||
| 520 | _aCommunistes, chrétiens, tiers-mondistes, grandes plumes et anonymes, intellectuels, hauts fonctionnaires, éditeurs, avocats, victimes, soldats, ils ont dénoncé la torture qui, pendant la guerre d'Algérie, devient un rouage du vaste système répressif déployé par l'armée. Beaucoup étaient habités par le souvenir de la Résistance : pour eux, l'armée française ne pouvait torturer car la torture, c'était la Gestapo. Pour d'autres, c'était là le vrai visage de la colonisation. Voici réunis dans cette anthologie l'écrivain catholique François Mauriac, le psychiatre et philosophe de l'anticolonialisme Frantz Fanon, l'historien Pierre Vidal-Naquet, le général Pâris de Bollardière, l'avocat tiers-mondiste Jacques Vergès, et bien sûr Henri Alleg, l'auteur de La Question, ou encore Jean-Paul Sartre, qui ont été, avec d'autres, les acteurs de cette « guerre de l'écrit », une guerre contre le silence étouffant, contre la censure, contre le mensonge | ||
| 650 | 4 |
_aCiencia política _xFilosofía _94899 |
|
| 650 | 4 |
_aTortura _910617 |
|
| 700 | 1 |
_aJeanneney, Jean Noël, _d1942- _95586 _edirector |
|
| 700 | 1 |
_aBlanchard, Emmanuel _940808 _eeditor |
|
| 700 | 1 |
_aKauffmann, Grégoire, _d1973- _940780 |
|
| 730 | 1 |
_aLes Rebelles (Paris) _940778 |
|
| 830 | 0 |
_aCollection Les Rebelles _940769 _v19 |
|
| 942 |
_2lcc _cBK |
||
| 999 |
_c122884 _d122884 |
||